000 00346pam a2200157a 44500
008 230515b1978 xxu||||| |||| 00| 0 eng d
020 _aNULL
041 _aENGLISH
082 _aN.D.
100 _aNULL
245 _aIndian Std. Specification For Bench
250 _a0
260 _aNULL
_bIndian Std.
_c1978
300 _a3
650 _aNULL
999 _c574392
_d574392